<?xml version="1.0" encoding="UTF-8"?>
<marc:record xmlns:marc="http://www.loc.gov/MARC21/slim">
   <marc:leader>00000nam a2200000 a 4500</marc:leader>
   <marc:datafield ind1="1" ind2=" " tag="100">
      <marc:subfield code="a">Gruber, Roswitha</marc:subfield>
      <marc:subfield code="4">aut</marc:subfield>
      <marc:subfield code="e">Verfasser/-in</marc:subfield>
   </marc:datafield>
   <marc:datafield ind1=" " ind2=" " tag="653">
      <marc:subfield code="a">Erlebnisbericht</marc:subfield>
   </marc:datafield>
   <marc:datafield ind1="0" ind2="0" tag="245">
      <marc:subfield code="a">Großmütter erinnern sich</marc:subfield>
   </marc:datafield>
   <marc:datafield ind1="0" ind2="0" tag="245">
      <marc:subfield code="c">Gruber, Roswitha</marc:subfield>
   </marc:datafield>
   <marc:datafield ind1=" " ind2="1" tag="264">
      <marc:subfield code="a">Rosenheim</marc:subfield>
      <marc:subfield code="b">Rosenheimer Verlagshaus</marc:subfield>
   </marc:datafield>
   <marc:datafield ind1="1" ind2=" " tag="520">
      <marc:subfield code="a">Erneut widmet sich Roswitha Gruber den bewegenden Geschichten und Schicksalen unserer Großmütter und Urgroßmütter. Einfühlsam schildert sie, wie diese Frauen, trotz Entbehrungen und Armut, den Lebensmut nie verloren, sondern ihr Schicksal mutig selbst in die Hand nahmen und gestalteten. Es wird von ersten Tanzvergnügungen nach dem schrecklichen Krieg und von der ersten zarten Liebe berichtet. Und davon, wie man auch ohne Strom, fließendes Wasser und technische Hilfsmittel, Glück und Zufriedenheit finden kann.</marc:subfield>
   </marc:datafield>
   <marc:datafield ind1=" " ind2=" " tag="020">
      <marc:subfield code="a">9783475548253</marc:subfield>
      <marc:subfield code="9">9783475548253</marc:subfield>
   </marc:datafield>
   <marc:datafield ind1=" " ind2=" " tag="041">
      <marc:subfield code="a">ger</marc:subfield>
   </marc:datafield>
   <marc:datafield ind1=" " ind2=" " tag="338">
      <marc:subfield code="a">Band</marc:subfield>
   </marc:datafield>
   <marc:datafield ind1=" " ind2=" " tag="300">
      <marc:subfield code="a">302 Seiten</marc:subfield>
   </marc:datafield>
</marc:record>
